| 000 | 00758 a2200193 4500 | ||
|---|---|---|---|
| 005 | 20080825135921.0 | ||
| 008 | 080825t xxu||||| |||| 00| 0 eng d | ||
| 010 | _aENG-87126 | ||
| 020 |
_c595.00 _a019568673X |
||
| 035 | _aEN--70659 | ||
| 037 | _bDBAD / PUB | ||
| 082 | _a630.954 | ||
| 245 |
_aHandbook of agriculture in India _cedited by Shovan Ray |
||
| 260 |
_aNew Delhi _bOxford University Press _c2007 |
||
| 270 |
_aY.M.C.A . Library building, Jai Singh Road, _bNew Delhi _e110 001 |
||
| 300 |
_axv, 231 p. _c23 cm (Hb.) |
||
| 942 |
_adpl _cEN _k630.954 / HAN _2ddc _h630.954 _mHAN |
||
| 999 |
_c6058 _d6058 |
||